000 00361nam a2200169Ia 4500
100 _aHarrison/F.L
250 _a3
942 _cRB
366 _f15
654 _aproject management
245 _aAdvanced Project Management:A structured approach
260 _bGower
_c1992
082 _a658.404
_bHAR
300 _a308
546 _aENGLISH
999 _c27695
_d27695